000 00643nam a22002177a 4500
003 UA-OsUOA
001 80691
007 ta
008 20111222b un ||||| |||| 00| 0 ukr d
100 _aГруздев А.
090 _a330
_bГ90
942 _cSA
040 _aUA-OsUOA
_brus
_cUA-OsUOA
_dUA-OsUOA
245 _a"Финансовые платформы" местных правительств и их роль в кредитном буме в Китае (2009-2010 гг.)
300 _aС.122-133
955 _a0
041 _arus
080 _a330
773 0 _w80688
650 7 _a330 Економіка взагалі
_2UDC
999 _c367000
_d367000